| 000 | 00507ntaaa2200193 4500 | ||
|---|---|---|---|
| 003 | 01 | ||
| 005 | 20251027202820.0 | ||
| 008 | 0714s1973 ag 01 | ||
| 040 |
_aAR-BaBN _bspa _cAR-BaBN _eaacr _dRIC |
||
| 082 | _a920.0000 D63 | ||
| 100 |
_aDishman, Pat _928597 |
||
| 245 | _a10 who overcame | ||
| 250 | _a1 ed. | ||
| 260 |
_aNashville : _bBroadman Press, _cc1966 |
||
| 300 | _a128 p | ||
| 500 | _aDiez biografĂas de personas que vencieron sus dificultades | ||
| 650 |
_abiografĂas _911246 |
||
| 942 | _cBK | ||
| 999 |
_c23528 _d23528 |
||